[Event "ewcc-2015"]
[Site "Chakvi. Adjara"]
[Date "2015.05.25"]
[Round "7.24"]
[White "Zimina, Olga"]
[Black "Kiolbasa, Oliwia"]
[Result "1/2-1/2"]
[LiveChessVersion "1.3.1"]
[BlackElo "2223"]
[WhiteElo "2339"]

1. Nf3 {[%clk 1:30:51]} d5 {[%clk 1:30:44]} 2. g3 {[%clk 1:30:44]} Nf6
{[%clk 1:30:14]} 3. Bg2 {[%clk 1:31:01]} c6 {[%clk 1:30:25]} 4. c4
{[%clk 1:30:54]} e6 {[%clk 1:17:11]} 5. O-O {[%clk 1:30:16]} Nbd7
{[%clk 1:17:18]} 6. d4 {[%clk 1:30:29]} Bd6 {[%clk 1:15:14]} 7. Qc2
{[%clk 1:27:31]} O-O {[%clk 1:14:50]} 8. Nbd2 {[%clk 1:27:16]} Qc7
{[%clk 1:10:43]} 9. e4 {[%clk 1:26:20]} dxe4 {[%clk 1:07:46]} 10. Nxe4
{[%clk 1:26:45]} Nxe4 {[%clk 1:07:29]} 11. Qxe4 {[%clk 1:27:09]} Nf6
{[%clk 0:56:56]} 12. Qe2 {[%clk 1:24:36]} h6 {[%clk 0:51:36]} 13. b3
{[%clk 1:22:08]} Rd8 {[%clk 0:48:46]} 14. Bb2 {[%clk 1:21:47]} Bd7
{[%clk 0:49:01]} 15. Rad1 {[%clk 1:19:19]} Bf8 {[%clk 0:44:33]} 16. Ne5
{[%clk 1:15:11]} Be8 {[%clk 0:43:48]} 17. h4 {[%clk 0:55:21]} a5 {[%clk 0:37:30]}
18. g4 {[%clk 0:52:42]} Nh7 {[%clk 0:33:59]} 19. Be4 {[%clk 0:39:06]} Qe7
{[%clk 0:31:35]} 20. Kg2 {[%clk 0:30:00]} a4 {[%clk 0:23:13]} 21. f4
{[%clk 0:24:44]} axb3 {[%clk 0:20:05]} 22. axb3 {[%clk 0:24:59]} g6
{[%clk 0:11:45]} 23. h5 {[%clk 0:11:13]} gxh5 {[%clk 0:11:57]} 24. gxh5
{[%clk 0:05:25]} f5 {[%clk 0:12:06]} 25. Bb1 {[%clk 0:05:32]} Bg7
{[%clk 0:09:30]} 26. Rh1 {[%clk 0:05:10]} Nf8 {[%clk 0:09:41]} 27. Rd3
{[%clk 0:05:19]} c5 {[%clk 0:06:22]} 28. d5 {[%clk 0:05:19]} exd5
{[%clk 0:06:38]} 29. cxd5 {[%clk 0:03:47]} Bb5 {[%clk 0:06:07]} 30. Rhh3
{[%clk 0:04:11]} Rxd5 {[%clk 0:04:48]} 31. Qc2 {[%clk 0:00:54]} Rxd3
{[%clk 0:02:48]} 32. Nxd3 {[%clk 0:00:38]} Qe4+ {[%clk 0:03:14]} 33. Kg1
{[%clk 0:00:35]} Bxd3 {[%clk 0:02:18]} 34. Rxd3 {[%clk 0:00:59]} Qe1+
{[%clk 0:01:45]} 35. Kg2 {[%clk 0:01:18]} Re8 {[%clk 0:00:53]} 36. Rd2
{[%clk 0:01:44]} Bxb2 {[%clk 0:00:42]} 37. Qxb2 {[%clk 0:02:03]} Ne6
{[%clk 0:00:48]} 38. Rf2 {[%clk 0:02:08]} Nxf4+ {[%clk 0:00:41]} 39. Kh2
{[%clk 0:02:12]} Re3 {[%clk 0:00:40]} 40. Bxf5 {[%clk 0:32:22]} Qxf2+
{[%clk 0:30:37]} 41. Qxf2 {[%clk 0:32:43]} Re2 {[%clk 0:31:04]} 42. Qxe2
{[%clk 0:28:35]} Nxe2 {[%clk 0:31:18]} 43. Kg2 {[%clk 0:17:42]} Kg7
{[%clk 0:29:39]} 44. Kf2 {[%clk 0:10:24]} Nd4 {[%clk 0:19:17]} 45. Be4
{[%clk 0:10:49]} b5 {[%clk 0:15:38]} 46. Bd5 {[%clk 0:09:12]} Kf6
{[%clk 0:15:53]} 47. Ke3 {[%clk 0:09:30]} Ke5 {[%clk 0:16:19]} 48. Bf7
{[%clk 0:09:39]} Nf5+ {[%clk 0:15:39]} 49. Kd3 {[%clk 0:09:50]} Nd6
{[%clk 0:16:04]} 50. Bg6 {[%clk 0:09:39]} Kd5 {[%clk 0:14:55]} 51. Bh7
{[%clk 0:08:28]} c4+ {[%clk 0:13:25]} 52. bxc4+ {[%clk 0:08:55]} bxc4+
{[%clk 0:13:49]} 53. Ke3 {[%clk 0:08:22]} Ke5 {[%clk 0:13:08]} 54. Bc2
{[%clk 0:07:30]} Ne8 {[%clk 0:11:10]} 55. Be4 {[%clk 0:06:40]} Nf6
{[%clk 0:11:16]} 56. Bf3 {[%clk 0:06:45]} Ne8 {[%clk 0:09:45]} 57. Be4
{[%clk 0:06:13]} Nd6 {[%clk 0:10:07]} 58. Bh7 {[%clk 0:05:28]} Nb5
{[%clk 0:09:47]} 59. Bg8 {[%clk 0:05:27]} Na3 {[%clk 0:09:40]} 60. Bf7
{[%clk 0:05:23]} Kf6 {[%clk 0:08:22]} 61. Bg8 {[%clk 0:05:28]} Ke5
{[%clk 0:08:44]} 62. Bf7 {[%clk 0:05:52]} Kf6 {[%clk 0:09:09]} 63. Bg8
{[%clk 0:06:18]} Ke5 {[%clk 0:09:33]} 64. Ke4+ 1/2-1/2

[Event "ewcc-2015"]
[Site "Chakvi. Adjara"]
[Date "2015.05.25"]
[Round "7.25"]
[White "Mammadzada, Gunay"]
[Black "Zhorzholiani, Meri"]
[Result "1/2-1/2"]
[LiveChessVersion "1.3.1"]
[BlackElo "2071"]
[WhiteElo "2336"]

1. e4 {[%clk 1:30:04]} e6 {[%clk 1:30:48]} 2. d4 {[%clk 1:30:03]} d5
{[%clk 1:31:11]} 3. Nd2 {[%clk 1:30:30]} c5 {[%clk 1:31:36]} 4. exd5
{[%clk 1:30:52]} exd5 {[%clk 1:31:45]} 5. Ngf3 {[%clk 1:31:04]} Nc6
{[%clk 1:31:53]} 6. Bb5 {[%clk 1:31:23]} Bd6 {[%clk 1:31:57]} 7. dxc5
{[%clk 1:31:44]} Bxc5 {[%clk 1:32:22]} 8. O-O {[%clk 1:30:48]} Nge7
{[%clk 1:32:33]} 9. Nb3 {[%clk 1:31:10]} Bd6 {[%clk 1:32:42]} 10. Re1
{[%clk 1:31:31]} O-O {[%clk 1:32:47]} 11. Bd3 {[%clk 1:31:28]} a6
{[%clk 1:27:00]} 12. c3 {[%clk 1:25:39]} f6 {[%clk 1:25:15]} 13. h3
{[%clk 1:23:47]} Qc7 {[%clk 1:24:39]} 14. Nbd4 {[%clk 1:14:57]} Ne5
{[%clk 1:23:41]} 15. Bc2 {[%clk 1:13:27]} Bd7 {[%clk 1:19:33]} 16. Nh4
{[%clk 1:01:00]} g6 {[%clk 1:04:34]} 17. Bb3 {[%clk 0:41:58]} Rad8
{[%clk 0:58:19]} 18. Nhf3 {[%clk 0:37:34]} Kh8 {[%clk 0:42:06]} 19. Nc2
{[%clk 0:34:03]} Bf5 {[%clk 0:27:45]} 20. Nfd4 {[%clk 0:28:28]} Bc8
{[%clk 0:24:56]} 21. Bf4 {[%clk 0:21:25]} Rfe8 {[%clk 0:18:31]} 22. Ne3
{[%clk 0:19:28]} Qc5 {[%clk 0:15:35]} 23. Bg3 {[%clk 0:17:24]} b5
{[%clk 0:15:06]} 24. Bc2 {[%clk 0:16:14]} Nc4 {[%clk 0:11:09]} 25. Bh4
{[%clk 0:10:31]} Rf8 {[%clk 0:11:19]} 26. b3 {[%clk 0:06:59]} Ne5
{[%clk 0:09:14]} 27. Rc1 {[%clk 0:05:55]} Qc7 {[%clk 0:09:19]} 28. Bb1
{[%clk 0:03:23]} Ba3 {[%clk 0:09:25]} 29. Rc2 {[%clk 0:03:44]} Bd6
{[%clk 0:09:48]} 30. Bg3 {[%clk 0:03:33]} Rfe8 {[%clk 0:06:15]} 31. f4
{[%clk 0:01:25]} N5c6 {[%clk 0:04:39]} 32. Qf3 {[%clk 0:00:34]} Nxd4
{[%clk 0:04:03]} 33. cxd4 {[%clk 0:01:03]} Qb6 {[%clk 0:04:23]} 34. Rd1
{[%clk 0:00:51]} Bf5 {[%clk 0:02:07]} 35. Nxf5 {[%clk 0:01:06]} Nxf5
{[%clk 0:02:31]} 36. Bf2 {[%clk 0:00:44]} Re4 {[%clk 0:02:26]} 37. Re2
{[%clk 0:00:40]} Rxf4 {[%clk 0:02:25]} 38. Qc3 {[%clk 0:00:35]} b4
{[%clk 0:02:12]} 39. Qd3 {[%clk 0:00:55]} Bb8 {[%clk 0:01:49]} 40. Qd2
{[%clk 0:30:35]} Qd6 {[%clk 0:31:53]} 41. Bxf5 {[%clk 0:27:21]} Rxf5
{[%clk 0:30:32]} 42. g3 {[%clk 0:23:42]} Rh5 {[%clk 0:14:16]} 43. Kg2
{[%clk 0:21:37]} Rf8 {[%clk 0:12:27]} 44. Rde1 {[%clk 0:20:00]} Qd7
{[%clk 0:11:49]} 45. Rh1 {[%clk 0:13:54]} f5 {[%clk 0:10:34]} 46. Re3
{[%clk 0:13:26]} f4 {[%clk 0:09:40]} 47. Rf3 {[%clk 0:13:47]} Rhf5
{[%clk 0:06:19]} 1/2-1/2

[Event "ewcc-2015"]
[Site "Chakvi. Adjara"]
[Date "2015.05.25"]
[Round "7.34"]
[White "Bokuchava, Madona"]
[Black "Ozturk, Kubra"]
[Result "1/2-1/2"]
[LiveChessVersion "1.3.1"]
[BlackElo "2235"]
[WhiteElo "2063"]

1. d4 {[%clk 1:30:58]} d5 {[%clk 1:30:51]} 2. c4 {[%clk 1:31:18]} c6
{[%clk 1:31:11]} 3. Nf3 {[%clk 1:31:40]} Nf6 {[%clk 1:31:30]} 4. e3
{[%clk 1:32:02]} e6 {[%clk 1:31:44]} 5. Qc2 {[%clk 1:32:19]} Nbd7
{[%clk 1:31:54]} 6. Be2 {[%clk 1:31:56]} Bd6 {[%clk 1:31:06]} 7. O-O
{[%clk 1:31:15]} O-O {[%clk 1:31:09]} 8. b3 {[%clk 1:31:41]} e5 {[%clk 1:29:00]}
9. dxe5 {[%clk 1:31:30]} Nxe5 {[%clk 1:27:58]} 10. Bb2 {[%clk 1:31:30]} Qe7
{[%clk 1:13:42]} 11. Nbd2 {[%clk 1:26:30]} Bg4 {[%clk 1:04:05]} 12. Rfe1
{[%clk 1:22:35]} Rfe8 {[%clk 0:45:00]} 13. Nxe5 {[%clk 1:14:20]} Bxe5
{[%clk 0:43:35]} 14. Bxg4 {[%clk 1:07:46]} Nxg4 {[%clk 0:42:35]} 15. Nf3
{[%clk 1:04:34]} Bxb2 {[%clk 0:40:47]} 16. Qxb2 {[%clk 1:04:58]} Rad8
{[%clk 0:40:45]} 17. Qd4 {[%clk 1:00:08]} Qe4 {[%clk 0:30:36]} 18. Qxa7
{[%clk 0:48:26]} dxc4 {[%clk 0:29:47]} 19. bxc4 {[%clk 0:47:53]} Qxc4
{[%clk 0:23:43]} 20. Qxb7 {[%clk 0:39:59]} Qc2 {[%clk 0:16:00]} 21. Rf1
{[%clk 0:39:18]} Rb8 {[%clk 0:13:16]} 22. Qc7 {[%clk 0:34:00]} Rbc8
{[%clk 0:06:56]} 23. Qf4 {[%clk 0:24:04]} Nf6 {[%clk 0:07:05]} 24. Rfc1
{[%clk 0:23:50]} Qb2 {[%clk 0:06:58]} 25. Qd4 {[%clk 0:23:20]} Qe2
{[%clk 0:06:01]} 26. Qc4 {[%clk 0:22:10]} Qxc4 {[%clk 0:04:33]} 27. Rxc4
{[%clk 0:22:36]} c5 {[%clk 0:03:37]} 28. Nd2 {[%clk 0:19:35]} Kf8
{[%clk 0:02:38]} 29. a4 {[%clk 0:15:40]} Ke7 {[%clk 0:02:05]} 30. a5
{[%clk 0:15:34]} Nd7 {[%clk 0:01:46]} 31. Rca4 {[%clk 0:11:36]} Ne5
{[%clk 0:01:33]} 32. f4 {[%clk 0:08:43]} Red8 {[%clk 0:01:50]} 33. R1a2
{[%clk 0:08:19]} Nd3 {[%clk 0:01:42]} 34. Kf1 {[%clk 0:05:12]} Rc7
{[%clk 0:00:50]} 35. Nc4 {[%clk 0:03:28]} Nb4 {[%clk 0:00:40]} 36. Ra1
{[%clk 0:02:45]} f6 {[%clk 0:00:39]} 37. Ke2 {[%clk 0:01:51]} Nd5
{[%clk 0:00:38]} 38. Kf3 {[%clk 0:01:42]} Nb4 {[%clk 0:00:35]} 39. a6
{[%clk 0:00:50]} Ra7 {[%clk 0:00:37]} 40. Ra5 {[%clk 0:30:57]} Rc8
{[%clk 0:30:31]} 41. Rb5 {[%clk 0:25:41]} Rxa6 {[%clk 0:23:00]} 42. Rb7+
{[%clk 0:25:23]} Kf8 {[%clk 0:23:07]} 43. Rd1 {[%clk 0:21:57]} Nc6
{[%clk 0:21:27]} 44. Nb6 {[%clk 0:14:25]} Nd8 {[%clk 0:18:30]} 45. Nd7+
{[%clk 0:13:56]} Ke8 {[%clk 0:17:34]} 46. Nxc5 {[%clk 0:10:50]} Rac6
{[%clk 0:14:08]} 47. Rxg7 {[%clk 0:09:52]} Rxc5 {[%clk 0:14:37]} 48. Rxh7
{[%clk 0:09:04]} Nf7 {[%clk 0:14:44]} 49. Rg7 {[%clk 0:08:26]} R8c7
{[%clk 0:14:21]} 50. Rg6 {[%clk 0:07:42]} Ke7 {[%clk 0:14:25]} 51. Rd4
{[%clk 0:06:08]} Nd6 {[%clk 0:13:05]} 52. g4 {[%clk 0:03:23]} Kf7
{[%clk 0:10:50]} 53. Rh6 {[%clk 0:03:49]} Kg7 {[%clk 0:11:08]} 54. Rh3
{[%clk 0:03:20]} Nf7 {[%clk 0:10:59]} 55. Rg3 {[%clk 0:03:25]} Rc3
{[%clk 0:10:24]} 56. h4 {[%clk 0:03:24]} Rc1 {[%clk 0:09:55]} 57. Rg2
{[%clk 0:02:31]} Re7 {[%clk 0:09:18]} 58. h5 {[%clk 0:01:59]} Rf1+
{[%clk 0:08:26]} 59. Ke2 {[%clk 0:01:21]} Rh1 {[%clk 0:08:51]} 60. Rd3
{[%clk 0:01:27]} Ra7 {[%clk 0:08:49]} 61. Kf3 {[%clk 0:01:40]} Rf1+
{[%clk 0:08:40]} 62. Rf2 {[%clk 0:01:50]} Re1 {[%clk 0:07:57]} 63. Re2
{[%clk 0:01:28]} Rh1 {[%clk 0:06:36]} 64. Rg2 {[%clk 0:01:54]} Re7
{[%clk 0:05:57]} 65. Kg3 {[%clk 0:01:28]} Re6 {[%clk 0:05:22]} 66. Kf3
{[%clk 0:01:42]} Rf1+ {[%clk 0:03:16]} 67. Rf2 {[%clk 0:01:39]} Rh1
{[%clk 0:03:11]} 68. Rg2 {[%clk 0:01:44]} Rf1+ {[%clk 0:02:24]} 69. Rf2
{[%clk 0:02:10]} Rh1 {[%clk 0:02:32]} 70. Rg2 {[%clk 0:02:34]} Rf1+ 71. Ke4
1/2-1/2

[Event "16th European Individual Women's Chess C"]
[Site "Chakvi, Adjara"]
[Date "2015.05.25"]
[Round "7.36"]
[White "Unuk, Laura"]
[Black "Santeramo, Alessia"]
[Result "1/2-1/2"]
[WhiteElo "2213"]
[BlackElo "2118"]
[PlyCount "75"]
[EventDate "2015.05.19"]

1. d4 Nf6 2. c4 c5 3. d5 b5 4. cxb5 a6 5. bxa6 g6 6. Nc3 Bg7 7. e4 O-O 8. Nf3
Qa5 9. Bd2 d6 10. Be2 Bxa6 11. O-O Bxe2 12. Qxe2 Qa6 13. Rfe1 Qxe2 14. Rxe2
Nbd7 15. Rc1 Rfb8 16. b3 Ng4 17. Bg5 Kf8 18. Ne1 Bd4 19. h3 Ngf6 20. Na4 Ne8
21. Bh6+ Kg8 22. Nc2 Bh8 23. Ne3 Ra6 24. Nc4 Ne5 25. Be3 Rb4 26. Nxe5 Bxe5 27.
Bxc5 Rbxa4 28. bxa4 dxc5 29. Rxc5 Rxa4 30. Rc8 Kf8 31. g3 Ra3 32. Kg2 g5 33.
Rec2 f6 34. Rd8 Kf7 35. Rcc8 Nd6 36. Rf8+ Kg7 37. Rg8+ Kh6 38. Rc2 1/2-1/2

[Event "16th European Individual Women's Chess C"]
[Site "Chakvi, Adjara"]
[Date "2015.05.25"]
[Round "7.37"]
[White "Umudova, Nargiz"]
[Black "Kuchava, Ana"]
[Result "1/2-1/2"]
[WhiteElo "2275"]
[BlackElo "2135"]
[PlyCount "146"]
[EventDate "2015.05.19"]

1. e4 c5 2. Nf3 d6 3. d4 cxd4 4. Nxd4 Nf6 5. Nc3 Nc6 6. Bc4 e6 7. Be3 a6 8. Qe2
Qc7 9. Bb3 b5 10. Nxc6 Qxc6 11. f3 Be7 12. a4 b4 13. a5 O-O 14. Na4 d5 15. Nb6
Rb8 16. exd5 Nxd5 17. Nxd5 exd5 18. O-O Bf6 19. Rfd1 Be6 20. Bd4 Bxd4+ 21. Rxd4
Qc5 22. Qd2 Rb5 23. Ra4 Rfb8 24. g4 h6 25. Kg2 Rxa5 26. Raxb4 Rxb4 27. Qxb4 Qc7
28. Qd2 Rc5 29. Qd3 g6 30. Qxa6 Ra5 31. Qd3 Qe5 32. Qd2 Rb5 33. Kf1 h5 34. Qf4
Qxf4 35. Rxf4 hxg4 36. fxg4 g5 37. Rd4 Ra5 38. Ba4 Kg7 39. Kf2 Kf6 40. Kg3 Ke5
41. c3 Ra8 42. Rb4 Rc8 43. Bd1 Rc4 44. Rb5 Kd6 45. Bf3 Rc8 46. h4 gxh4+ 47.
Kxh4 Ke5 48. Kg3 Rc7 49. Bg2 Rc4 50. Bf3 Rc8 51. Kf2 Kd6 52. Ke3 Rc4 53. Rb8
Ke5 54. Rd8 Rc5 55. Be2 Rc7 56. Rb8 Rc5 57. Rh8 Bd7 58. Rh5+ Kd6 59. Kd4 Be6
60. Rh8 Ra5 61. Rb8 Ra4+ 62. Rb4 Rxb4+ 63. cxb4 f6 64. b5 Bc8 65. Bf3 Bb7 66.
Bd1 Bc8 67. b4 Bb7 68. Bc2 Ba8 69. b6 Bb7 70. b5 Bc8 71. Bd1 Bb7 72. Bb3 Bc8
73. Bd1 Bb7 1/2-1/2

[Event "16th European Individual Women's Chess C"]
[Site "Chakvi, Adjara"]
[Date "2015.05.25"]
[Round "7.38"]
[White "Vakhania, Alexandra"]
[Black "Vojinovic, Jovana"]
[Result "1/2-1/2"]
[WhiteElo "2130"]
[BlackElo "2262"]
[PlyCount "87"]
[EventDate "2015.05.19"]

1. Nf3 Nf6 2. d4 e6 3. Bg5 h6 4. Bh4 c5 5. c3 b6 6. e3 Bb7 7. Nbd2 Be7 8. Bd3
O-O 9. Qe2 Nc6 10. h3 d6 11. O-O Re8 12. a3 a6 13. e4 cxd4 14. cxd4 e5 15. d5
Nb8 16. Bxf6 Bxf6 17. b4 Nd7 18. Nc4 Nf8 19. Qe3 b5 20. Na5 Qb8 21. Qb6 Ra7 22.
Nxb7 Rxb7 23. Qxa6 Rb6 24. Qa5 Re7 25. Rfc1 Ra7 26. Rc8 Qb7 27. Rac1 Rxa5 28.
bxa5 Ra6 29. R1c7 Qxc7 30. Rxc7 Rxa5 31. Rc8 Rxa3 32. Bxb5 Rb3 33. Be8 Rb1+ 34.
Kh2 Be7 35. h4 Ng6 36. h5 Nf4 37. Bd7+ Kh7 38. Bf5+ g6 39. Rc7 gxf5 40. Rxe7
Kg7 41. Rd7 Rb6 42. Nd2 Nxh5 43. exf5 Nf4 44. Ne4 1/2-1/2

[Event "16th European Individual Women's Chess C"]
[Site "Chakvi, Adjara"]
[Date "2015.05.25"]
[Round "7.39"]
[White "Mamedjarova, Zeinab"]
[Black "Choladze, Mariam"]
[Result "1-0"]
[WhiteElo "2235"]
[BlackElo "1989"]
[PlyCount "69"]
[EventDate "2015.05.19"]

1. d4 Nf6 2. c4 e6 3. Nc3 Bb4 4. e3 O-O 5. Bd3 c5 6. Nge2 Nc6 7. O-O cxd4 8.
exd4 d5 9. cxd5 Nxd5 10. Bc2 Be7 11. a3 b6 12. Qd3 g6 13. Bh6 Re8 14. Rad1 Nf6
15. Qg3 Ba6 16. Rfe1 Bd6 17. Qf3 Rc8 18. Ba4 Bb7 19. Nb5 Na5 20. Qh3 Bc6 21.
Rc1 Qd7 22. Nxd6 Qxd6 23. Bc2 Bb7 24. Bf4 Qf8 25. Nc3 Nc4 26. Ba4 Bc6 27. Bxc6
Rxc6 28. Bh6 Qd6 29. Qf3 e5 30. b3 Na5 31. Nb5 Rxc1 32. Rxc1 Qd8 33. Bg5 Kg7
34. Nc7 e4 35. Qxf6+ 1-0

[Event "16th European Individual Women's Chess C"]
[Site "Chakvi, Adjara"]
[Date "2015.05.25"]
[Round "7.40"]
[White "Petrenko, Svetlana"]
[Black "Balajayeva, Khanim"]
[Result "0-1"]
[WhiteElo "2207"]
[BlackElo "2130"]
[PlyCount "80"]
[EventDate "2015.05.19"]

1. Nf3 d5 2. d4 c5 3. dxc5 e6 4. b4 a5 5. c3 axb4 6. cxb4 b6 7. Bb2 bxc5 8.
bxc5 Nf6 9. e3 Bxc5 10. Bd3 O-O 11. O-O Nbd7 12. Nc3 Bb7 13. Nb5 Re8 14. Qc2 e5
15. Nxe5 Nxe5 16. Bxe5 Rxe5 17. Qxc5 Rc8 18. Qd4 Re8 19. f3 Qe7 20. Rfe1 Nd7
21. Rac1 Ne5 22. Bf1 Qg5 23. Qf4 Qe7 24. a4 Ba6 25. Qd4 Qg5 26. Kh1 Rxc1 27.
Rxc1 Ng6 28. Rc5 Rxe3 29. Rxd5 Qe7 30. Kg1 Re1 31. Qc5 Qe8 32. g3 Ne5 33. Qf2
Bb7 34. Nd6 Bxd5 35. Nxe8 Nxf3+ 36. Qxf3 Bxf3 37. Kf2 Rxe8 38. Kxf3 Re5 39. Kf4
f6 40. h4 h6 0-1

[Event "16th European Individual Women's Chess C"]
[Site "Chakvi, Adjara"]
[Date "2015.05.25"]
[Round "7.41"]
[White "Ivanova, Tatiana"]
[Black "Baraeva, Marina"]
[Result "0-1"]
[WhiteElo "2121"]
[BlackElo "2204"]
[PlyCount "86"]
[EventDate "2015.05.19"]

1. d4 d5 2. Nf3 Nf6 3. Bg5 Ne4 4. Bh4 c5 5. e3 Nc6 6. Nbd2 Bg4 7. Be2 Qb6 8.
O-O Qxb2 9. Rb1 Qxa2 10. Rxb7 Nc3 11. Qe1 c4 12. e4 Qa6 13. exd5 Qxb7 14. dxc6
Nxe2+ 15. Qxe2 Qxc6 16. Nxc4 Bxf3 17. gxf3 f6 18. d5 Qc5 19. d6 e5 20. f4 Bxd6
21. Nxd6+ Qxd6 22. Rd1 Qc5 23. fxe5 Qxe5 24. Qc4 Rd8 25. Rb1 Qd5 26. Qa4+ Kf7
27. Qxa7+ Rd7 28. Qb6 Rc8 29. Re1 Rxc2 30. Qe3 Rc8 31. Bg3 Kg8 32. Qa3 Ra8 33.
Qb4 Rda7 34. Qc3 h5 35. Bf4 Ra3 36. Qb2 h4 37. Qd2 Rd3 38. Qc2 h3 39. Kf1 Rda3
40. Qg6 Qh1+ 41. Ke2 Ra2+ 42. Bd2 Rxd2+ 43. Kxd2 Ra2+ 0-1

[Event "16th European Individual Women's Chess C"]
[Site "Chakvi, Adjara"]
[Date "2015.05.25"]
[Round "7.42"]
[White "Kasoshvili, Tsiala"]
[Black "Ghukasyan, Siranush"]
[Result "1-0"]
[WhiteElo "2179"]
[BlackElo "2100"]
[PlyCount "77"]
[EventDate "2015.05.19"]

1. d4 d5 2. Nf3 c6 3. b3 Nf6 4. Bb2 Bf5 5. Nbd2 e6 6. g3 Bd6 7. Bg2 h6 8. O-O
O-O 9. c4 Nbd7 10. a3 Rc8 11. b4 Re8 12. Rc1 b5 13. c5 Bc7 14. a4 a6 15. axb5
axb5 16. Ra1 Ra8 17. Qb3 Qe7 18. Ne5 Nxe5 19. dxe5 Nd7 20. f4 Qf8 21. e4 Bh7
22. exd5 exd5 23. Bh3 Qe7 24. Nf3 Be4 25. Nd4 Rxa1 26. Rxa1 Nb8 27. Ra7 Qd8 28.
Qd1 Re7 29. Qg4 Qf8 30. Ra8 Re8 31. Bc3 Rd8 32. Ra7 Rd7 33. e6 Re7 34. exf7+
Qxf7 35. Qc8+ Kh7 36. Be6 Qh5 37. Bg8+ Kg6 38. Rxc7 Qd1+ 39. Kf2 1-0

[Event "16th European Individual Women's Chess C"]
[Site "Chakvi, Adjara"]
[Date "2015.05.25"]
[Round "7.43"]
[White "Tevzadze, Mariam"]
[Black "Martynkova, Olena"]
[Result "1-0"]
[WhiteElo "1834"]
[BlackElo "2165"]
[PlyCount "53"]
[EventDate "2015.05.19"]

1. d4 Nf6 2. c4 g6 3. Nc3 Bg7 4. e4 O-O 5. f3 d6 6. Be3 c5 7. Nge2 Nc6 8. dxc5
dxc5 9. Qxd8 Rxd8 10. Bxc5 Nd7 11. Ba3 Nde5 12. Ng3 Nd4 13. O-O-O Be6 14. Nd5
Nec6 15. Kb1 Rd7 16. Ne2 Nxe2 17. Bxe2 Nd4 18. Nxe7+ Kh8 19. Bf1 Nb5 20. Rxd7
Nxa3+ 21. bxa3 Bxd7 22. Nd5 Bd4 23. Kc2 Ba4+ 24. Kd2 Rb8 25. Be2 b5 26. cxb5
Bxb5 27. Rb1 1-0

[Event "16th European Individual Women's Chess C"]
[Site "Chakvi, Adjara"]
[Date "2015.05.25"]
[Round "7.44"]
[White "Tskhadadze, Anna"]
[Black "Topel, Zehra"]
[Result "0-1"]
[WhiteElo "1938"]
[BlackElo "2179"]
[PlyCount "92"]
[EventDate "2015.05.19"]

1. c4 g6 2. g3 Bg7 3. Bg2 e5 4. Nc3 d6 5. d3 f5 6. e3 Nf6 7. Nge2 Nc6 8. O-O
O-O 9. h3 Be6 10. Nd5 Rb8 11. e4 Ne7 12. Be3 a6 13. Qc2 c6 14. Nxf6+ Bxf6 15.
f4 Qd7 16. Kh2 b5 17. c5 fxe4 18. cxd6 Nf5 19. Bc5 exd3 20. Qxd3 exf4 21. Nxf4
Bc4 22. Qa3 Bxf1 23. Rxf1 Be5 24. Qxa6 Bxd6 25. Bxc6 Qe7 26. Bd5+ Kh8 27. Bxd6
Qxd6 28. Qxd6 Nxd6 29. Rc1 Rbc8 30. Rxc8 Rxc8 31. Bb3 Nc4 32. Nd3 Rd8 33. Bxc4
bxc4 34. Ne5 Rd2+ 35. Kg1 Rxb2 36. Nxc4 Rxa2 37. Ne3 Kg7 38. Ng4 h5 39. Nf2 Kf6
40. Ne4+ Ke5 41. Ng5 Kd4 42. Ne6+ Ke3 43. Ng5 h4 44. gxh4 Kf4 45. Kf1 Kg3 46.
Nf7 Rf2+ 0-1

[Event "16th European Individual Women's Chess C"]
[Site "Chakvi, Adjara"]
[Date "2015.05.25"]
[Round "7.45"]
[White "Folkova, Martina"]
[Black "Mammadova, Aysel"]
[Result "1-0"]
[WhiteElo "2134"]
[BlackElo "1862"]
[PlyCount "67"]
[EventDate "2015.05.19"]

1. e4 e5 2. Nf3 Nc6 3. Bb5 a6 4. Ba4 Nf6 5. O-O b5 6. Bb3 Bc5 7. d3 O-O 8. a4
Bb7 9. Nc3 b4 10. Ne2 d5 11. exd5 Nxd5 12. Ng3 Kh8 13. Ng5 Be7 14. Qh5 Bxg5 15.
Bxg5 f6 16. Be3 Nd4 17. Bxd4 Nf4 18. Qg4 Qxd4 19. Nh5 Nxh5 20. Qxh5 g6 21. Qh6
Qxb2 22. Rae1 Qd4 23. Re3 Qd7 24. Rg3 Qg7 25. Qe3 f5 26. f4 Rfe8 27. h4 e4 28.
h5 exd3 29. Qxd3 Rad8 30. Qc4 Re4 31. Rd3 Rdd4 32. h6 Qf8 33. Rxd4 Re8 34. Rd7
1-0

[Event "16th European Individual Women's Chess C"]
[Site "Chakvi, Adjara"]
[Date "2015.05.25"]
[Round "7.46"]
[White "Khmiadashvili, Tamar"]
[Black "Soyunlu, Narmin"]
[Result "1-0"]
[WhiteElo "2043"]
[BlackElo "1891"]
[PlyCount "73"]
[EventDate "2015.05.19"]

1. Nf3 c5 2. b3 Nf6 3. Bb2 e6 4. e3 b6 5. g3 Bb7 6. Bg2 Be7 7. O-O O-O 8. d3 d6
9. Nbd2 Nc6 10. e4 Qc7 11. Re1 d5 12. exd5 exd5 13. Ne5 Rad8 14. Ng4 Nxg4 15.
Qxg4 d4 16. Qe2 Rfe8 17. Nf3 Nb4 18. Bc1 Qc8 19. Qd1 Bf6 20. Bd2 Rxe1+ 21. Nxe1
Nd5 22. h3 Re8 23. Qg4 Qa8 24. Bg5 Bxg5 25. Qxg5 Nc3 26. Bf1 h6 27. Qh5 Bd5 28.
a4 Re6 29. Ng2 Bf3 30. g4 Ne2+ 31. Bxe2 Rxe2 32. Nh4 Bh1 33. g5 Re5 34. f4 Re3
35. gxh6 Rg3+ 36. Kf1 Bg2+ 37. Kf2 1-0

[Event "16th European Individual Women's Chess C"]
[Site "Chakvi, Adjara"]
[Date "2015.05.25"]
[Round "7.47"]
[White "Lingur, Zalina"]
[Black "Jalaghonia, Nino"]
[Result "1-0"]
[WhiteElo "2057"]
[BlackElo "1865"]
[PlyCount "81"]
[EventDate "2015.05.19"]

1. e4 c5 2. Nf3 g6 3. d4 cxd4 4. Nxd4 Bg7 5. c4 Nc6 6. Be3 Nf6 7. Nc3 d6 8. Be2
O-O 9. O-O Bd7 10. Qd2 Nxd4 11. Bxd4 Bc6 12. f3 Nd7 13. Be3 a5 14. b3 Nc5 15.
Rab1 Qb6 16. Rfc1 Rfc8 17. Rc2 h5 18. Kh1 Kh7 19. Bf1 Qd8 20. a3 Qh8 21. Nd5
Bxd5 22. cxd5 b6 23. Qf2 Rab8 24. b4 Nd7 25. Rd1 Bf6 26. f4 Qg7 27. Qd2 axb4
28. axb4 Ra8 29. Ra2 Bc3 30. Qf2 Bxb4 31. Re2 Rab8 32. Bd4 f6 33. Qe3 Re8 34.
Qh3 Nf8 35. g4 Qh6 36. gxh5 Qxh5 37. Qxh5+ gxh5 38. Rg2 e5 39. dxe6 Rxe6 40.
Bd3 Kh8 41. Rdg1 1-0

[Event "16th European Individual Women's Chess C"]
[Site "Chakvi, Adjara"]
[Date "2015.05.25"]
[Round "7.48"]
[White "Lomaia, Diana"]
[Black "Chanturia, Tamar"]
[Result "1-0"]
[WhiteElo "1449"]
[BlackElo "1688"]
[PlyCount "81"]
[EventDate "2015.05.19"]

1. e4 e6 2. d4 d5 3. Nd2 c5 4. Ngf3 Nc6 5. Bb5 Qa5 6. exd5 Qxb5 7. dxc6 Qxc6 8.
O-O c4 9. Ne5 Qd5 10. Ndxc4 f6 11. Ne3 Qe4 12. Nf3 Bd6 13. Nc4 Bc7 14. Re1 Qc6
15. Qd3 Ne7 16. Be3 b5 17. Ncd2 Bb7 18. Rad1 Rd8 19. Qb3 Rd5 20. Ne4 Rh5 21.
Ng3 Rd5 22. Bd2 h5 23. Ne4 Ba8 24. Nc3 Kf7 25. Nxd5 Nxd5 26. Qd3 h4 27. h3 Bf4
28. c3 g5 29. Bxf4 Nxf4 30. Qe3 Nd5 31. Qd2 g4 32. hxg4 h3 33. g5 h2+ 34. Kh1
Nxc3 35. Qxc3 Qb7 36. d5 fxg5 37. Qxh8 exd5 38. Qh5+ Kf6 39. Qh6+ Kf7 40. Nxg5+
Kg8 41. Re8# 1-0